Biggest islands by biogeographic realm, with a map - Statistics

General Stats
  • This quiz has been taken 42 times
  • The average score is 25 of 40
Answers on the Map
Answers color-coded by a green-red scale on the quiz's map according to % correct below.
 
Answer Stats
Hint Answer % Correct
587 041 Madagascar
97%
2 130 800 Greenland
95%
105 806 Cuba
92%
138 794 Java
92%
785 753 New Guinea
92%
111 583 North Island
92%
145 836 South Island
92%
748 168 Borneo
89%
73 929 Hispaniola
89%
11 190 Jamaica
89%
108 860 Newfoundland
86%
443 065 Sumatra
86%
65 022 Tasmania
86%
209 331 Great Britain
81%
507 451 Baffin Island
78%
77 982 Hokkaido
78%
227 938 Honshu
78%
101 826 Iceland
78%
84 421 Ireland
78%
180 681 Sulawesi
76%
1 874 Mauritius
73%
196 236 Ellesmere Island
70%
109 965 Luzon
70%
10 434 Hawaii
65%
97 530 Mindanao
62%
2 535 Reunion
62%
3 607 Socotra
62%
217 291 Victoria Island
62%
47 992 Isla Grande de Tierra del Fuego
46%
1 903 Maui
43%
10 531 Viti Levu
32%
40 100 Marajó
30%
1 935 Bioko
27%
5 587 Vanua Levu
24%
49 070 Alexander Island
19%
1 718 Savai'i
16%
7 910 Roosevelt Island
14%
43 873 Berkner Island
11%
8 500 Carney Island
11%
15 700 Thurston Island
11%
No matching quizzes found
Score Distribution
Percent of People with Each Score
Percentile by Number Answered
Your Score History
You have not taken this quiz